Gibt es diesen "Drei ???"-Titel wirklich? - Sudden Death (Version 2) - Statistiken

Allgemein
  • Dieses Quiz wurde 53 mal gespielt
  • Das Durchschnittsergebnis liegt bei 7 aus 12
Answers on the Grid
Answers color-coded by a green-red scale on the quiz's grid according to % correct below.
Und der Karpatenhund
Und der Fluch des Rubins
Und das Gespensterschloss
Und der magische Kreis
Und das Volk der Winde
Tatort Zirkus
Feuerturm
Und das Hexen-Handy
Spuk im Netz
Im Zeichen der Schlangen
Der Geist des Goldgräbers
Im Auge des Sturms
Im Reich der Werwölfe
Und das schwarze Biest
Und der dunkle Meister
Fels der Teufel
Das Auge der Schlange
Und die Quecksilbermine
Und die wandelnde Mumie
Und das Inkaschwert
 
Antwortstatistiken
Antwort % Korrekt
Und der Karpatenhund
83%
Und das Gespensterschloss
70%
Und das Hexen-Handy
70%
Spuk im Netz
60%
Und der Fluch des Rubins
58%
Im Auge des Sturms
55%
Tatort Zirkus
55%
Der Geist des Goldgräbers
53%
Feuerturm
48%
Und das Volk der Winde
48%
Im Zeichen der Schlangen
43%
Und der magische Kreis
43%
Keine übereinstimmenden Quizze gefunden
Verteilung der Resultate
Anzahl Personen mit jedem Resultat
Perzentil nach korrekt beantworteten Fragen
Ihre Resultats-Entwicklung
Sie haben dieses Quiz noch nicht gespielt